Coupe du Monde de Football de Plage (Beach Soccer): Les 4 premières places - Statistiques

Statistiques générales
  • Ce quiz a été pris 228 fois
  • Le résultat moyen est 11 sur 18
Statistiques - réponses
Réponse % Correct
Brésil
99%
France
98%
Portugal
96%
Argentine
91%
Espagne
88%
Italie
88%
Etats-Unis
79%
Mexique
68%
Russie
65%
Uruguay
65%
Japon
63%
Angleterre
62%
Suisse
47%
Pérou
46%
Tahiti
43%
Iran
31%
Thaïlande
12%
Salvador
6%
Aucun quiz correspondant
Distribution des résultats
% des personnes avec chaque résultat
Percentile par nombre de réponses
Votre historique - résultats
Vous n’avez pas pris ce quiz